[Event "2. Bundesliga West 2019/20"]
[Site "Kufstein; NMS II, Sporthalle Fischergries"]
[Date "2020.03.07"]
[Round "10"]
[Board "5"]
[White "Weidel, Albrecht"]
[Black "Herrmann, Michael"]
[Result "1/2-1/2"]
[WhiteElo "2136"]
[BlackElo "2123"]
[PlyCount "71"]
[EventDate "2019.10.04"]
[EventType "team"]
[EventRounds "11"]
[EventCountry "AUT"]
[WhiteTeam "SK Hoerbranz"]
[BlackTeam "ASK Salzburg"]

1. d4 d5 2. c4 c6 3. cxd5 cxd5 4. Bf4 Nc6 5. e3 Nf6 6. Nc3 a6 7. Bd3 g6 8. h3
Bf5 9. Bxf5 gxf5 10. Nf3 e6 11. O-O Be7 12. Ne5 Nxe5 13. Bxe5 Rg8 14. Rc1 Bd6
15. Qa4+ Kf8 16. Bxd6+ Qxd6 17. Nb5 Qd7 18. Nc3 Kg7 19. Qxd7 Nxd7 20. Rc2 Rac8
21. Rfc1 b5 22. Ne2 Nb6 23. Kf1 Rxc2 24. Rxc2 Rc8 25. Rxc8 Nxc8 26. Ke1 Nd6 27.
Nf4 a5 28. Nd3 Kf8 29. Kd1 Ke7 30. Kc2 Kd7 31. Kb3 Kc7 32. Kc2 Ne4 33. Kd1 Kd8
34. Kc2 Kc7 35. Kd1 Kd6 36. Kc2  1/2-1/2

[Event "2. Bundesliga West 2019/20"]
[Site "Kufstein; NMS II, Sporthalle Fischergries"]
[Date "2020.03.07"]
[Round "10"]
[Board "6"]
[White "Wollrab, Richard"]
[Black "Goetz, Siegmar"]
[Result "1-0"]
[WhiteElo "2107"]
[BlackElo "2063"]
[PlyCount "49"]
[EventDate "2019.10.04"]
[EventType "team"]
[EventRounds "11"]
[EventCountry "AUT"]
[WhiteTeam "ASK Salzburg"]
[BlackTeam "SK Hoerbranz"]

1. d4 Nf6 2. c4 e6 3. Nc3 Bb4 4. e3 b6 5. Bd3 Bb7 6. Nf3 Ne4 7. Bxe4 Bxe4 8.
O-O Bxc3 9. bxc3 O-O 10. Qe2 d6 11. Nd2 Bb7 12. e4 Nd7 13. f4 f5 14. e5 Qe7 15.
Ba3 c5 16. exd6 Qxd6 17. Rae1 Rf6 18. Nf3 Rg6 19. Rd1 Qc6 20. d5 exd5 21. cxd5
Qa4 22. Qe7 Ba6 23. Rfe1 Qxa3 24. Qxd7 Qb2 25. Re8+  1-0

[Event "2. Bundesliga West 2019/20"]
[Site "Kufstein; NMS II, Sporthalle Fischergries"]
[Date "2020.03.08"]
[Round "11"]
[Board "1"]
[White "Palac, Mladen"]
[Black "Fedorovsky, Michael"]
[Result "1/2-1/2"]
[WhiteElo "2544"]
[BlackElo "2434"]
[PlyCount "82"]
[EventDate "2019.10.04"]
[EventType "team"]
[EventRounds "11"]
[EventCountry "AUT"]
[WhiteTeam "Schwarzach"]
[BlackTeam "Jenbach 2"]

1. Nf3 c5 2. c4 Nc6 3. Nc3 g6 4. e3 Nf6 5. d4 cxd4 6. exd4 d5 7. cxd5 Nxd5 8.
Qb3 e6 9. Bb5 Bg7 10. O-O O-O 11. Bxc6 bxc6 12. Ne4 Qb6 13. Qd1 a5 14. Re1 Rd8
15. a3 h6 16. Qc2 Ne7 17. Bf4 Ba6 18. Rad1 Nf5 19. Be5 Nxd4 20. Rxd4 Rxd4 21.
Bxd4 Bxd4 22. Nxd4 Qxd4 23. Qxc6 Ra7 24. Qc5 Rd7 25. Qxa5 Bb7 26. Nc5 Rd5 27.
Qb4 Qxc5 28. Qxb7 Rd2 29. Qf3 Rxb2 30. h3 Ra2 31. Qe3 Qf8 32. Rb1 Rxa3 33. Qf4
Ra8 34. Rb7 Qg7 35. g3 Ra5 36. Qc7 Ra8 37. Qf4 Rd8 38. Kg2 e5 39. Qf3 Qf6 40.
Rb6 Rd6 41. Rxd6 Qxd6  1/2-1/2

[Event "2. Bundesliga West 2019/20"]
[Site "Kufstein; NMS II, Sporthalle Fischergries"]
[Date "2020.03.08"]
[Round "11"]
[Board "2"]
[White "Reich, Thomas"]
[Black "Zelcic, Robert"]
[Result "1/2-1/2"]
[WhiteElo "2376"]
[BlackElo "2508"]
[PlyCount "84"]
[EventDate "2019.10.04"]
[EventType "team"]
[EventRounds "11"]
[EventCountry "AUT"]
[WhiteTeam "Jenbach 2"]
[BlackTeam "Schwarzach"]

1. d4 Nf6 2. c4 e6 3. Nf3 Bb4+ 4. Nbd2 d5 5. e3 O-O 6. a3 Be7 7. Bd3 c5 8. dxc5
a5 9. Qe2 Nbd7 10. e4 Nxc5 11. e5 Nxd3+ 12. Qxd3 Nd7 13. O-O b6 14. Qd4 Ba6 15.
Rd1 dxc4 16. Nf1 Nc5 17. Qg4 h5 18. Qg3 Nd3 19. Bh6 g6 20. Bg5 Bxg5 21. Nxg5
Qd5 22. Re1 Nxe1 23. Rxe1 Qd3 24. Ne3 Rad8 25. h3 c3 26. bxc3 Qxc3 27. Rb1 Qd4
28. Nxe6 Qe4 29. Rxb6 fxe6 30. Rxa6 Rde8 31. Qg5 Qb1+ 32. Kh2 Rxf2 33. Nd5 Rf1
34. Nf6+ Kf7 35. Ra7+ Re7 36. Rxe7+ Kxe7 37. Nd5+ Kf7 38. Qe7+ Kg8 39. Nf6+
Rxf6 40. exf6 Qb8+ 41. Kg1 Qb6+ 42. Kf1 Qb5+  1/2-1/2

[Event "2. Bundesliga West 2019/20"]
[Site "Kufstein; NMS II, Sporthalle Fischergries"]
[Date "2020.03.08"]
[Round "11"]
[Board "3"]
[White "Ruecker, Benjamin"]
[Black "Pali, Philipp"]
[Result "1/2-1/2"]
[WhiteElo "2238"]
[BlackElo "2249"]
[PlyCount "94"]
[EventDate "2019.10.04"]
[EventType "team"]
[EventRounds "11"]
[EventCountry "AUT"]
[WhiteTeam "Schwarzach"]
[BlackTeam "Jenbach 2"]

1. d4 Nf6 2. c4 e6 3. g3 d5 4. Bg2 Be7 5. Nf3 dxc4 6. O-O O-O 7. Ne5 c5 8. dxc5
Qc7 9. Nxc4 Qxc5 10. b3 Rd8 11. Nbd2 Nc6 12. Ba3 Nb4 13. Bb2 Qb5 14. a3 Nc6 15.
a4 Qa6 16. Qb1 e5 17. Nf3 Bg4 18. Nfxe5 Nxe5 19. Nxe5 Bxe2 20. Re1 Bf8 21. Qc2
Bh5 22. Qc4 Rac8 23. Qxa6 bxa6 24. Rac1 Bb4 25. Rxc8 Rxc8 26. Rc1 Rxc1+ 27.
Bxc1 Bd1 28. Nc6 Bc3 29. Ne7+ Kf8 30. Ba3 Ke8 31. Bc6+ Nd7 32. Nd5 Bd4 33. Nc7+
Kd8 34. Nxa6 Bxb3 35. Bxd7 Kxd7 36. Bc5 Bc3 37. Bxa7 Kc6 38. Be3 Bxa4 39. Nc5
Bc2 40. f3 Bb4 41. Ne4 Bxe4 42. fxe4 Kb5 43. Kg2 Kc4 44. Kf3 Kd3 45. g4 Bd6 46.
h4 Be5 47. h5 Bc3  1/2-1/2

[Event "2. Bundesliga West 2019/20"]
[Site "Kufstein; NMS II, Sporthalle Fischergries"]
[Date "2020.03.08"]
[Round "11"]
[Board "5"]
[White "Ljubic, Juro"]
[Black "Hoellrigl, Wilfried"]
[Result "1/2-1/2"]
[WhiteElo "2162"]
[BlackElo "2216"]
[PlyCount "108"]
[EventDate "2019.10.04"]
[EventType "team"]
[EventRounds "11"]
[EventCountry "AUT"]
[WhiteTeam "Schwarzach"]
[BlackTeam "Jenbach 2"]

1. e4 c5 2. Nc3 Nc6 3. g3 g6 4. Bg2 Bg7 5. d3 d6 6. Be3 e6 7. Qd2 h5 8. h3 Nge7
9. Nge2 Nd4 10. O-O Rb8 11. Nd1 b6 12. c3 Nxe2+ 13. Qxe2 d5 14. Bg5 f6 15. Bd2
O-O 16. Ne3 d4 17. cxd4 cxd4 18. Nc4 Nc6 19. e5 b5 20. exf6 Qxf6 21. Nd6 Bd7
22. Rac1 Rb6 23. Ne4 Qe7 24. Bg5 Qe8 25. Nc5 Rf5 26. f4 Bf6 27. Ne4 Bxg5 28.
Nd6 Qe7 29. Nxf5 exf5 30. Bd5+ Kf8 31. Qg2 Nb4 32. fxg5 Qxg5 33. Rc7 Rd6 34.
Bb7 Nxd3 35. Kh2 Ne5 36. Rf4 d3 37. Rc1 h4 38. Rd1 hxg3+ 39. Qxg3 Qxg3+ 40.
Kxg3 g5 41. Rf2 Kg7 42. b3 Kf6 43. Rfd2 Be8 44. Rc1 Rd4 45. Bf3 f4+ 46. Kg2 Bd7
47. Bd1 Kf5 48. Bh5 Bc6+ 49. Kf2 Bd5 50. Rc5 b4 51. Ra5 f3 52. Ke3 Re4+ 53. Kf2
Rd4 54. Ke3 Re4+  1/2-1/2

[Event "2. Bundesliga West 2019/20"]
[Site "Kufstein; NMS II, Sporthalle Fischergries"]
[Date "2020.03.08"]
[Round "11"]
[Board "6"]
[White "Lederwasch, Bernhard"]
[Black "Stoeckl, Norbert"]
[Result "1/2-1/2"]
[WhiteElo "2166"]
[BlackElo "2054"]
[PlyCount "89"]
[EventDate "2019.10.04"]
[EventType "team"]
[EventRounds "11"]
[EventCountry "AUT"]
[WhiteTeam "Jenbach 2"]
[BlackTeam "Schwarzach"]

1. e4 c5 2. d4 cxd4 3. c3 d5 4. exd5 Qxd5 5. cxd4 Nc6 6. Nf3 e6 7. Nc3 Qd8 8.
Bd3 Nf6 9. O-O h6 10. a3 Bd6 11. Qe2 O-O 12. Ne4 Nxe4 13. Bxe4 Bd7 14. Bc2 Ne7
15. Ne5 Be8 16. Qe4 f5 17. Qxb7 Bxe5 18. dxe5 Bc6 19. Qb3 Nd5 20. Qg3 g5 21. h4
Rf7 22. h5 Rg7 23. Rd1 Qe8 24. Qb3 Qxh5 25. Bxf5 Nf4 26. Bxe6+ Kh8 27. Bd5 Rb7
28. Qf3 Ne2+ 29. Kf1 Qxf3 30. Bxf3 Bxf3 31. gxf3 Nxc1 32. Raxc1 Re8 33. Re1
Rxb2 34. Rc7 Rb5 35. e6 a5 36. Ra7 Kg8 37. Kg2 h5 38. Kg3 Rf5 39. Re3 Rc5 40.
Kh3 Rd5 41. Rd7 Rf5 42. Ra7 Rc5 43. Kg2 Rd5 44. Kh3 Rc5 45. Kg2  1/2-1/2

[Event "2. Bundesliga West 2019/20"]
[Site "Kufstein; NMS II, Sporthalle Fischergries"]
[Date "2020.03.08"]
[Round "11"]
[Board "1"]
[White "Mons, Leon"]
[Black "Barp, Alberto"]
[Result "1/2-1/2"]
[WhiteElo "2552"]
[BlackElo "2396"]
[PlyCount "45"]
[EventDate "2019.10.04"]
[EventType "team"]
[EventRounds "11"]
[EventCountry "AUT"]
[WhiteTeam "Royal Salzburg"]
[BlackTeam "Kufstein/Woergl"]

1. c4 e5 2. Nc3 Bb4 3. e4 Bxc3 4. dxc3 d6 5. g3 Nc6 6. Bg2 Nge7 7. Nf3 O-O 8.
O-O f5 9. exf5 Bxf5 10. Ng5 Qd7 11. Be3 h6 12. Ne4 Bh3 13. f3 Rf7 14. Qe2 Raf8
15. Rad1 Bxg2 16. Qxg2 Qf5 17. Rf2 Qh5 18. Rdf1 Kh8 19. b3 Nf5 20. Bc1 Nfe7 21.
Be3 Nf5 22. Bc1 Nfe7 23. Be3  1/2-1/2

[Event "2. Bundesliga West 2019/20"]
[Site "Kufstein; NMS II, Sporthalle Fischergries"]
[Date "2020.03.08"]
[Round "11"]
[Board "3"]
[White "Durakovic, Alman"]
[Black "Bertagnolli, Alexander"]
[Result "0-1"]
[WhiteElo "2292"]
[BlackElo "2346"]
[PlyCount "116"]
[EventDate "2019.10.04"]
[EventType "team"]
[EventRounds "11"]
[EventCountry "AUT"]
[WhiteTeam "Royal Salzburg"]
[BlackTeam "Kufstein/Woergl"]

1. e4 c5 2. Nf3 e6 3. d4 cxd4 4. Nxd4 Qb6 5. Nc3 Bc5 6. Na4 Qa5+ 7. c3 Bxd4 8.
Qxd4 Nf6 9. Nc5 Nc6 10. Qd6 b6 11. Nb3 Qe5 12. Qxe5 Nxe5 13. f3 Ke7 14. Bf4 Ng6
15. Bg3 e5 16. O-O-O Rd8 17. c4 Ba6 18. Kb1 Rac8 19. Rc1 d6 20. Na1 Rc7 21. b3
Bc8 22. Nc2 Be6 23. Be1 Rdc8 24. Bb4 Nd7 25. Ne3 Nc5 26. g3 Kd7 27. Be2 Ne7 28.
g4 Ng6 29. Rhd1 Nf4 30. Bf1 h5 31. Be1 hxg4 32. b4 gxf3 33. bxc5 Rxc5 34. Bb4
R5c6 35. Rd2 Ne2 36. Bxe2 fxe2 37. Re1 Bxc4 38. Nf5 d5 39. Ne7 d4 40. Nxc8 Rxc8
41. Rdxe2 Bxe2 42. Rxe2 Rc4 43. Bf8 g6 44. Bg7 Ke6 45. Rg2 d3 46. Rd2 Rxe4 47.
Rxd3 Re2 48. Rd8 f5 49. Rf8 Rxh2 50. Rf6+ Kd5 51. Rxg6 Rh5 52. Kc2 f4 53. a4
Kd4 54. Rd6+ Ke3 55. Rd3+ Ke4 56. Rd7 f3 57. a5 f2 58. Rd1 bxa5  0-1

[Event "2. Bundesliga West 2019/20"]
[Site "Kufstein; NMS II, Sporthalle Fischergries"]
[Date "2020.03.08"]
[Round "11"]
[Board "4"]
[White "Neuschmied, Siegfried"]
[Black "Leeb, Simon"]
[Result "0-1"]
[WhiteElo "2268"]
[BlackElo "2203"]
[PlyCount "110"]
[EventDate "2019.10.04"]
[EventType "team"]
[EventRounds "11"]
[EventCountry "AUT"]
[WhiteTeam "Kufstein/Woergl"]
[BlackTeam "Royal Salzburg"]

1. e4 c6 2. d4 d5 3. exd5 cxd5 4. Bd3 Nc6 5. c3 Nf6 6. h3 g6 7. Bf4 Bf5 8. Be2
Qb6 9. Qb3 Nd7 10. Nd2 e5 11. Qxb6 axb6 12. dxe5 Bg7 13. Ngf3 Ndxe5 14. Nxe5
Nxe5 15. Bb5+ Nc6 16. Nb3 O-O 17. Be3 d4 18. cxd4 Nb4 19. Kd2 Rfd8 20. Rhc1 Be4
21. a3 Nd5 22. g3 Nf6 23. Ke2 Bd5 24. Nd2 h5 25. Rc7 Bg2 26. h4 Nd5 27. Rd7
Rxd7 28. Bxd7 Rd8 29. Rg1 Rxd7 30. Rxg2 Nc7 31. Nf3 Ne6 32. Rg1 b5 33. Rc1 Kf8
34. Kd3 Ke7 35. Rc8 Bf6 36. Ke4 Bg7 37. Kd3 Bf6 38. Rc3 Bg7 39. Ke4 Bh8 40. Rc1
Bg7 41. Rd1 Nc5+ 42. dxc5 Rxd1 43. Nd4 Bxd4 44. Bxd4 Ke6 45. Bc3 f6 46. f3 Rg1
47. Kf4 g5+ 48. hxg5 fxg5+ 49. Kxg5 Rxg3+ 50. Kxh5 Rxf3 51. Kg4 Rf7 52. Bb4 Kd5
53. b3 Rf1 54. a4 bxa4 55. bxa4 Ra1  0-1

[Event "2. Bundesliga West 2019/20"]
[Site "Kufstein; NMS II, Sporthalle Fischergries"]
[Date "2020.03.08"]
[Round "11"]
[Board "5"]
[White "Mueller, Philipp"]
[Black "Blaskowski, Johannes"]
[Result "1-0"]
[WhiteElo "2135"]
[BlackElo "2292"]
[PlyCount "69"]
[EventDate "2019.10.04"]
[EventType "team"]
[EventRounds "11"]
[EventCountry "AUT"]
[WhiteTeam "Royal Salzburg"]
[BlackTeam "Kufstein/Woergl"]

1. c4 Nf6 2. g3 e5 3. Bg2 Nc6 4. Nc3 g6 5. Rb1 Bg7 6. b4 O-O 7. d3 d6 8. b5 Ne7
9. Nf3 Bd7 10. O-O Qc8 11. c5 Bh3 12. Ba3 Bxg2 13. Kxg2 Qe6 14. cxd6 cxd6 15.
Qb3 Qd7 16. Qb4 Rfc8 17. Rbc1 Ne8 18. d4 exd4 19. Nxd4 a5 20. Qa4 d5 21. b6 Qd8
22. Ncb5 Nc6 23. Nxc6 Rxc6 24. Rxc6 bxc6 25. b7 Rb8 26. Na7 Rxb7 27. Nxc6 Qa8
28. Rc1 Nc7 29. Ne7+ Kh8 30. Qd7 Be5 31. f4 Qa6 32. Qd8+ Kg7 33. Nf5+ gxf5 34.
Bf8+ Kg6 35. Qg5#  1-0

[Event "2. Bundesliga West 2019/20"]
[Site "Kufstein; NMS II, Sporthalle Fischergries"]
[Date "2020.03.08"]
[Round "11"]
[Board "6"]
[White "Maltsev, Oleg"]
[Black "Radman, Fernando"]
[Result "1-0"]
[WhiteElo "1992"]
[BlackElo "1362"]
[PlyCount "94"]
[EventDate "2019.10.04"]
[EventType "team"]
[EventRounds "11"]
[EventCountry "AUT"]
[WhiteTeam "Kufstein/Woergl"]
[BlackTeam "Royal Salzburg"]

1. d4 Nf6 2. c4 e5 3. dxe5 Ng4 4. Nf3 Nc6 5. Nc3 Ncxe5 6. e3 Bb4 7. h3 Bxc3+ 8.
bxc3 Nxf3+ 9. Qxf3 Qf6 10. Qxf6 Nxf6 11. Ba3 Ne4 12. Bd3 Ng5 13. f4 Ne6 14. f5
Nd8 15. O-O b6 16. Rae1 c5 17. Be4 Bb7 18. Bd5 O-O 19. e4 d6 20. Bc1 Bxd5 21.
exd5 f6 22. Bf4 Nf7 23. Re6 Rfd8 24. g4 Ne5 25. Bxe5 dxe5 26. a4 Rd7 27. Kg2
Kf7 28. Kg3 Rb7 29. Kf3 a6 30. Rb1 Rab8 31. Ke4 b5 32. axb5 Rb6 33. d6 axb5 34.
cxb5 Rxb5 35. Rxb5 Rxb5 36. d7 Rb8 37. Kd5 Rd8 38. Kd6 Ra8 39. Kxc5 Rd8 40. Kc6
Ra8 41. Kb7 Rd8 42. Kc7 Ra8 43. d8=Q Rxd8 44. Kxd8 g6 45. c4 h5 46. c5 Kg7 47.
c6 Kh6  1-0

[Event "2. Bundesliga West 2019/20"]
[Site "Kufstein; NMS II, Sporthalle Fischergries"]
[Date "2020.03.08"]
[Round "11"]
[Board "1"]
[White "Hoefelsauer, Thomas"]
[Black "Moritz, Christian"]
[Result "1-0"]
[WhiteElo "2365"]
[BlackElo "2063"]
[PlyCount "51"]
[EventDate "2019.10.04"]
[EventType "team"]
[EventRounds "11"]
[EventCountry "AUT"]
[WhiteTeam "Wolfurt"]
[BlackTeam "Rochade/Rum"]

1. Nf3 e6 2. g3 f5 3. Bg2 Nf6 4. O-O d5 5. c4 Bd6 6. d3 Nc6 7. Nc3 d4 8. Nb5 e5
9. e3 dxe3 10. Bxe3 O-O 11. Qb3 Be6 12. Ng5 Bf7 13. Nxd6 Qxd6 14. Nxf7 Kxf7 15.
c5+ Qe6 16. Qxb7 Ne7 17. Qxc7 Rad8 18. Qxa7 Rxd3 19. Rfd1 Rfd8 20. Rxd3 Rxd3
21. c6 e4 22. Rc1 Kg6 23. c7 Ng4 24. Bf1 Rd6 25. Bf4 Rc6 26. Rxc6  1-0

[Event "2. Bundesliga West 2019/20"]
[Site "Kufstein; NMS II, Sporthalle Fischergries"]
[Date "2020.03.08"]
[Round "11"]
[Board "2"]
[White "Jedinger, Andreas"]
[Black "Janko, Ladislav"]
[Result "1-0"]
[WhiteElo "2092"]
[BlackElo "2184"]
[PlyCount "59"]
[EventDate "2019.10.04"]
[EventType "team"]
[EventRounds "11"]
[EventCountry "AUT"]
[WhiteTeam "Rochade/Rum"]
[BlackTeam "Wolfurt"]

1. e4 c6 2. d4 d5 3. e5 Bf5 4. h4 h5 5. Bd3 Bxd3 6. Qxd3 e6 7. Bg5 Be7 8. Nf3
Qa5+ 9. Nbd2 Qa6 10. c4 Nd7 11. O-O Bxg5 12. Nxg5 Ne7 13. Qf3 Nf5 14. cxd5 cxd5
15. Rfc1 Qa5 16. Nb3 Qd8 17. Rc3 Rc8 18. Rxc8 Qxc8 19. Rc1 Qb8 20. g3 g6 21.
Qd3 O-O 22. Qb5 Rd8 23. Nf3 a6 24. Qa4 Nf8 25. Nc5 Rc8 26. Rc3 Rc6 27. Qb4 b5
28. Nd7 Nxd7 29. Rxc6 Qb7 30. Rc1  1-0

[Event "2. Bundesliga West 2019/20"]
[Site "Kufstein; NMS II, Sporthalle Fischergries"]
[Date "2020.03.08"]
[Round "11"]
[Board "3"]
[White "Kalcher, Mathias"]
[Black "Berchtold, Clemens"]
[Result "1-0"]
[WhiteElo "2138"]
[BlackElo "2050"]
[PlyCount "63"]
[EventDate "2019.10.04"]
[EventType "team"]
[EventRounds "11"]
[EventCountry "AUT"]
[WhiteTeam "Wolfurt"]
[BlackTeam "Rochade/Rum"]

1. c4 e6 2. Nf3 Nf6 3. e3 b6 4. Nc3 Bb7 5. b3 Be7 6. Bb2 O-O 7. Be2 d5 8. O-O
c5 9. Rc1 dxc4 10. Bxc4 Nc6 11. d4 cxd4 12. exd4 Nb4 13. Ne5 Nfd5 14. a3 Nxc3
15. Rxc3 Nd5 16. Rg3 Bh4 17. Rf3 Be7 18. Bc1 Bg5 19. Bxg5 Qxg5 20. Rg3 Qh4 21.
Rh3 Qg5 22. Rh5 Qe7 23. Qd3 g6 24. Qg3 Nf6 25. Rh3 Nd5 26. Re1 Rad8 27. Ng4 Qd6
28. Qh4 h5 29. Re5 Qe7 30. Rxh5 gxh5 31. Qxh5 f5 32. Qg6+  1-0

[Event "2. Bundesliga West 2019/20"]
[Site "Kufstein; NMS II, Sporthalle Fischergries"]
[Date "2020.03.08"]
[Round "11"]
[Board "4"]
[White "Kranebitter, Gerhard"]
[Black "Berchtold, Guenter"]
[Result "1/2-1/2"]
[WhiteElo "2032"]
[BlackElo "1934"]
[PlyCount "111"]
[EventDate "2019.10.04"]
[EventType "team"]
[EventRounds "11"]
[EventCountry "AUT"]
[WhiteTeam "Rochade/Rum"]
[BlackTeam "Wolfurt"]

1. e4 c5 2. Nf3 d6 3. c4 e5 4. Nc3 Nc6 5. h3 Nf6 6. d3 h6 7. Nd5 Nxd5 8. cxd5
Nd4 9. Nxd4 cxd4 10. Be2 Be7 11. O-O O-O 12. f4 f5 13. exf5 exf4 14. Bxf4 Bxf5
15. Bg4 Bg5 16. Bxf5 Rxf5 17. Qg4 Rxf4 18. Rxf4 Bxf4 19. Qxf4 Qf6 20. Qxf6 gxf6
21. Rc1 Rf8 22. Rc4 Kg7 23. Rxd4 Kg6 24. Re4 Rf7 25. Re6 Rd7 26. Kf2 h5 27. Kf3
Kf5 28. g3 Kg5 29. d4 Kf5 30. Re8 Kg6 31. Re6 Kf5 32. Re8 Kg6 33. Kf4 Rc7 34.
Rg8+ Kf7 35. Ra8 Rc2 36. Rxa7 Rf2+ 37. Ke3 Rxb2 38. a4 Kg6 39. Ra8 Kf5 40. Re8
Rb3+ 41. Kf2 Rb4 42. Ke3 Rxa4 43. Re6 Ra3+ 44. Kf2 Ra6 45. Kf3 b5 46. Ke2 b4
47. Kd1 b3 48. Kc1 Kg5 49. Kb2 Rb6 50. Re8 Rb4 51. Rg8+ Kf5 52. g4+ hxg4 53.
Rxg4 Rb5 54. Rh4 Kg6 55. Rf4 Kg5 56. Rg4+  1/2-1/2

[Event "2. Bundesliga West 2019/20"]
[Site "Kufstein; NMS II, Sporthalle Fischergries"]
[Date "2020.03.08"]
[Round "11"]
[Board "6"]
[White "Ritzer, Franz"]
[Black "Notegger, Phil"]
[Result "1-0"]
[WhiteElo "2039"]
[BlackElo "1577"]
[PlyCount "77"]
[EventDate "2019.10.04"]
[EventType "team"]
[EventRounds "11"]
[EventCountry "AUT"]
[WhiteTeam "Rochade/Rum"]
[BlackTeam "Wolfurt"]

1. d4 d5 2. c4 e6 3. Nf3 Nf6 4. g3 Be7 5. Bg2 O-O 6. O-O b6 7. cxd5 Nxd5 8. e4
Nf6 9. Nc3 Bb7 10. Ne5 Nbd7 11. f4 c6 12. Be3 Qc7 13. Rc1 a6 14. Qe2 c5 15.
Nxd7 Nxd7 16. Rfd1 Rfd8 17. d5 exd5 18. Nxd5 Bxd5 19. Rxd5 b5 20. e5 Rac8 21.
Be4 Nb6 22. Rxd8+ Rxd8 23. b3 Nd5 24. Bf2 Nb4 25. Kg2 Nc6 26. Qb2 Nb4 27. Qe2
h6 28. a3 Nd5 29. Bxc5 Bxc5 30. b4 Ne3+ 31. Qxe3 Bxe3 32. Rxc7 g6 33. Kf3 Bg1
34. h3 Rd2 35. Rc2 Rd7 36. e6 Re7 37. exf7+ Kxf7 38. Rc6 Re6 39. Bd5  1-0

[Event "2. Bundesliga West 2019/20"]
[Site "Kufstein; NMS II, Sporthalle Fischergries"]
[Date "2020.03.08"]
[Round "11"]
[Board "1"]
[White "Berchtenbreiter, Maximilian"]
[Black "Shengelia, David"]
[Result "1-0"]
[WhiteElo "2467"]
[BlackElo "2531"]
[PlyCount "55"]
[EventDate "2019.10.04"]
[EventType "team"]
[EventRounds "11"]
[EventCountry "AUT"]
[WhiteTeam "Hohenems II"]
[BlackTeam "Absam"]

1. e4 c5 2. Nf3 d6 3. d4 cxd4 4. Nxd4 Nf6 5. Nc3 a6 6. Be3 e5 7. Nb3 Be6 8. Qd2
Be7 9. O-O-O Nbd7 10. f4 b5 11. f5 Bc4 12. g4 Nxg4 13. Rg1 Nxe3 14. Qxe3 Qb6
15. Qxb6 Nxb6 16. Rxg7 Bxf1 17. Rxf1 Bf6 18. Rg3 b4 19. Nd5 Nxd5 20. exd5 a5
21. Nd2 Ke7 22. a4 bxa3 23. Rxa3 Rhb8 24. Rc3 Ra7 25. Ne4 Rb4 26. Re1 Rbb7 27.
b3 a4 {Rest auf beiden Formularen leider nicht leserlich} 28. Ree3  1-0

[Event "2. Bundesliga West 2019/20"]
[Site "Kufstein; NMS II, Sporthalle Fischergries"]
[Date "2020.03.08"]
[Round "11"]
[Board "2"]
[White "Lehner, Oliver"]
[Black "Kranzl, Julian"]
[Result "1-0"]
[WhiteElo "2412"]
[BlackElo "2197"]
[PlyCount "107"]
[EventDate "2019.10.04"]
[EventType "team"]
[EventRounds "11"]
[EventCountry "AUT"]
[WhiteTeam "Absam"]
[BlackTeam "Hohenems II"]

1. Nf3 Nf6 2. c4 e6 3. Nc3 c5 4. e4 Nc6 5. d4 cxd4 6. Nxd4 Bb4 7. Nxc6 dxc6 8.
Qxd8+ Kxd8 9. Bd2 e5 10. O-O-O Ke7 11. f3 Rd8 12. g4 Bd6 13. Be2 Be6 14. h4 Nd7
15. Bg5+ f6 16. Bd2 Nb6 17. b3 Ba3+ 18. Kc2 Nd7 19. g5 f5 20. Be3 f4 21. Bf2 b6
22. h5 Bc5 23. Bh4 g6 24. Be1 Nf8 25. Rxd8 Rxd8 26. b4 Bd4 27. b5 c5 28. Nd5+
Kf7 29. hxg6+ hxg6 30. a4 Kg7 31. Nf6 Bf7 32. a5 Ne6 33. Rh7+ Kf8 34. axb6 axb6
35. Rh8+ Kg7 36. Rxd8 Nxd8 37. Nd7 Ne6 38. Bh4 Ba1 39. Nxb6 Nd4+ 40. Kd3 Bc3
41. Bd1 Ba5 42. Nd7 Ne6 43. Nxe5 Bc7 44. Nd7 Be8 45. Nf6 Kf7 46. Ba4 Be5 47.
Ng4 Bc7 48. e5 Nd4 49. Nf6 Bxe5 50. Nxe8 Kxe8 51. Ke4 Bd6 52. Bf2 Ne6 53. Kd5
Ke7 54. b6  1-0

[Event "2. Bundesliga West 2019/20"]
[Site "Kufstein; NMS II, Sporthalle Fischergries"]
[Date "2020.03.08"]
[Round "11"]
[Board "3"]
[White "Hofer, Emilian"]
[Black "Tica, Sven"]
[Result "0-1"]
[WhiteElo "2192"]
[BlackElo "2418"]
[PlyCount "82"]
[EventDate "2019.10.04"]
[EventType "team"]
[EventRounds "11"]
[EventCountry "AUT"]
[WhiteTeam "Hohenems II"]
[BlackTeam "Absam"]

1. e4 g6 2. d4 Bg7 3. Nc3 a6 4. f4 b5 5. Nf3 Bb7 6. Bd3 d6 7. e5 e6 8. O-O Nh6
9. Ne4 Bxe4 10. Bxe4 d5 11. Bd3 Nd7 12. a4 c6 13. Bd2 O-O 14. Qe1 c5 15. dxc5
Nxc5 16. Bb4 Nxd3 17. cxd3 Re8 18. Bc5 Qd7 19. Qa5 Reb8 20. b4 Nf5 21. Rfc1 h5
22. Nd4 Nxd4 23. Bxd4 bxa4 24. Qxa4 Qb7 25. Bc5 Bh6 26. Rf1 Bf8 27. d4 Bxc5 28.
bxc5 Qb2 29. Ra2 Qc3 30. Ra3 Qd2 31. Rd1 Qe2 32. Ra2 Qe3+ 33. Kh1 Rb3 34. c6
Rc3 35. Rc2 Rc8 36. Rxc3 Qxc3 37. Qxa6 Rxc6 38. Qe2 Rc4 39. Qf2 Qb3 40. Qf1 Qe3
41. Rd3 Qxd3  0-1

[Event "2. Bundesliga West 2019/20"]
[Site "Kufstein; NMS II, Sporthalle Fischergries"]
[Date "2020.03.08"]
[Round "11"]
[Board "4"]
[White "Deglmann, Ludwig"]
[Black "Heinrici, Simon"]
[Result "1/2-1/2"]
[WhiteElo "2258"]
[BlackElo "2131"]
[PlyCount "59"]
[EventDate "2019.10.04"]
[EventType "team"]
[EventRounds "11"]
[EventCountry "AUT"]
[WhiteTeam "Absam"]
[BlackTeam "Hohenems II"]

1. Nf3 d5 2. c4 e6 3. g3 dxc4 4. Bg2 Nc6 5. O-O Nf6 6. Na3 Bd7 7. Nxc4 g6 8.
Nce5 Nxe5 9. Nxe5 c6 10. b3 Bg7 11. Ba3 Bf8 12. Bb2 Bg7 13. Ba3 Bf8 14. Bxf8
Kxf8 15. Qc2 Kg7 16. Qb2 Rf8 17. Rac1 Kg8 18. Rc4 Qc7 19. Rfc1 Rad8 20. Rf4 Nd5
21. Ng4 e5 22. Bxd5 Bxg4 23. Bxf7+ Rxf7 24. Rxg4 Qd7 25. Re4 Qxd2 26. Qxd2 Rxd2
27. a4 Rd5 28. Rc3 Kg7 29. f3 Kf6 30. Kf2  1/2-1/2

[Event "2. Bundesliga West 2019/20"]
[Site "Kufstein; NMS II, Sporthalle Fischergries"]
[Date "2020.03.08"]
[Round "11"]
[Board "5"]
[White "Kienboeck, Benjamin"]
[Black "De Francesco, Klaus"]
[Result "0-1"]
[WhiteElo "1968"]
[BlackElo "2276"]
[PlyCount "76"]
[EventDate "2019.10.04"]
[EventType "team"]
[EventRounds "11"]
[EventCountry "AUT"]
[WhiteTeam "Hohenems II"]
[BlackTeam "Absam"]

1. e4 e6 2. d4 d5 3. Nc3 Nf6 4. e5 Nfd7 5. Nce2 c5 6. c3 Nc6 7. Nf3 cxd4 8.
cxd4 Be7 9. a3 a5 10. Nf4 g6 11. Be3 Nb6 12. h4 a4 13. Nh3 Na5 14. Bg5 Bd7 15.
Bxe7 Qxe7 16. h5 Nbc4 17. Nhg5 h6 18. hxg6 fxg6 19. Bd3 O-O-O 20. Nh3 g5 21.
Nd2 Kb8 22. Bxc4 dxc4 23. Rc1 Bb5 24. Ne4 Nb3 25. Nd6 Rxd6 26. exd6 Qxd6 27.
Rc2 Nxd4 28. Rd2 Qe5+ 29. Re2 Nxe2 30. Qxe2 Qxe2+ 31. Kxe2 c3+ 32. Kd1 Rd8+ 33.
Kc2 cxb2 34. Re1 Bd3+ 35. Kxb2 Bf5 36. f3 Rd2+ 37. Kc3 Rxg2 38. Ng1 h5  0-1